The Enlightenment Era Quiz - Statistics

General Stats
  • This quiz has been taken 206 times
  • The average score is 8 of 15
Answer Stats
Hint Answer % Correct
Patrick Henry quote: "Give me liberty, or give me ___!" Death
86%
Proposed a theory of gravity and created calculus Isaac Newton
82%
Important enlightenment issue: separation between church and ___ State
78%
He crowned himself French emperor but picked up enlightenment ideas Napoléon Bonaparte
74%
What, along with egalité and fraternité, was the motto of the French revolution? Liberté
66%
"Candide" author and critic of religion Voltaire
64%
What begins with, "We hold these truths to be self-evident, that all men are created equal..."? The United States Declaration of Independence
58%
Group that wasn't included in the 1789 French Declaration of Rights Women
53%
1755 natural disaster that struck Lisbon and shattered belief in a benevolent God Earthquake
52%
Prussian king who was called an "enlightened monarch" Frederick the Great
48%
Opposed to the Catholic Church, French revolutionists favored a "Cult of ..."? Reason
38%
Königsberg philosopher and authority on trolley dilemmas Immanuel Kant
36%
Latin phrase that roughly translates as, "Dare to know" Sapere aude
15%
Max Horkheimer
8%
Frankfurt school philosophers who authored "Dialectic of Enlightenment" Theodor W. Adorno
8%
No matching quizzes found
Score Distribution
Percent of People with Each Score
Percentile by Number Answered
Your Score History
You have not taken this quiz